| 000 | 01010nam a22003257a 4500 | ||
|---|---|---|---|
| 001 | BR0602171 | ||
| 003 | BR-BrBNA | ||
| 005 | 20230928102135.0 | ||
| 007 | ta | ||
| 008 | 230509b bl.||||| |||| 00| 0 por d | ||
| 040 |
_aBR-BrBNA _bpor _cBiblioteca Nacional de Agricultura |
||
| 041 | _a(Por) | ||
| 072 |
_aL10; L53 _b5212 |
||
| 090 | _ 5212 BR0602171 | ||
| 100 | 1 | _aCamargo, L.S. de A. | |
| 110 | 1 |
_aUniversidade Federal de Minas Gerais, Belo Horizonte (Brasil). Escola de Veterinária _0Tese (Doutor em Ciência Animal) |
|
| 245 | 1 | _aProdução in vitro e expressão gênica em embriões bovinos | |
| 260 | 3 |
_aBelo Horizonte, MG (Brasil): _c2005. |
|
| 300 | _a86 p. | ||
| 500 | _aSummaries (Eng, Por); Several bibliography; 8 illus.; 8 tables | ||
| 650 | _aGADO GIR | ||
| 650 | _aREPRODUÇÃO ANIMAL | ||
| 650 | _aCULTURA DE EMBRIÃO | ||
| 650 | _aFECUNDAÇÃO | ||
| 650 | _aMATURAÇÃO | ||
| 650 | _aPRENHEZ | ||
| 650 | _aPARTO | ||
| 909 |
_a202309 _bLucia _c55 _dLucia Elande |
||
| 942 | _cBK | ||
| 999 |
_c69331 _d69331 |
||